000
00213nam a22000977a 4500
003
OSt
008
210113b ||||| |||| 00| 0 eng d
100
_a
Jabbar, K. A
_9
4853
245
_a
Kshayarogasppathri
942
_c
BK
999
_c
16475
_d
16475